000 01097nam a2200277 a 4500
008 120416s1992 ||||||||||||||||| || u
020 _a019874160X
020 _a0198741618
050 _aHT 169.5 Gil
100 _aGugler, Josef
245 1 0 _aCities, poverty and development: urbanization in the Third World (2nd ed.)
250 _a2nd ed.
260 _aNew York :
_bOxford University Press
_c1992
300 _aviii, 331 p. : ill.
350 _a0.00
650 0 _aDEVELOPING COUNTRIES--ECONOMIC CONDITIONS--REGIONAL DISPARITIES
650 _aRural-urban migration - Developing countries
650 _aURBANIZATION--DEVELOPING COUNTRIES
650 _aURBANIZATION--ASIA, WESTERN
650 _aSocial conflict - Developing countries
650 _aCOMMUNITY ORGANIZATION
650 _aREGIONAL PLANNING - DEVELOPING COUNTRIES
650 _aURBAN POOR--HOUSING--DEVELOPING COUNTRIES
700 _aGilbert, Alan, 1944-
995 _D0.00
_FCBU-MAIN LIBRARY (Kitwe)
_H1
_I18.95
_M1
_UAVAILABLE
_ZMain Library Open Access Collection
999 _c37453
_d37453